Five Biggest Cities in California by Letter - Statistics

General Stats
  • This quiz has been taken 404 times
    344 since last reset
  • The average score is 47 of 107
Answer Stats
Population County CA City % Correct
352,497 Orange Anaheim
91%
884,363 San Francisco San Francisco
90%
3,999,759 Los Angeles Los Angeles
89%
1,419,516 San Diego San Diego
89%
527,438 Fresno Fresno
87%
491'000 Sacramento Sacramento
87%
1,035,317 Santa Clara San Jose
83%
327,728 Riverside Riverside
82%
380,874 Kern Bakersfield
81%
425,195 Alameda Oakland
78%
469,450 Los Angeles Long Beach
76%
277,453 Orange Irvine
70%
79,774 Napa Napa
70%
140,560 Orange Orange
69%
334,136 Orange Santa Ana
69%
270,471 San Diego Chula Vista
68%
79,177 Alameda Alameda
67%
142,647 Los Angeles Pasadena
67%
214,221 Stanislaus Modesto
66%
201,874 Orange Huntington Beach
63%
122,324 Alameda Berkeley
62%
210,037 Ventura Oxnard
62%
234,962 Alameda Fremont
61%
104,834 Los Angeles Burbank
58%
203,054 Los Angeles Glendale
58%
175,841 San Bernardino Ontario
57%
176,193 San Diego Oceanside
56%
111,674 Contra Costa Antioch
54%
171,844 Sacramento Elk Grove
53%
133,310 Tulare Visalia
53%
151,969 San Diego Escondido
52%
207,226 Riverside Moreno Valley
52%
110,598 Los Angeles Inglewood
51%
177,452 San Bernardino Rancho Cucamonga
51%
122,441 San Bernardino Victorville
51%
157,519 Los Angeles Palmdale
50%
167,836 Riverside Corona
48%
107,074 San Mateo Daly City
48%
211,815 San Bernardino Fontana
48%
146,758 Los Angeles Torrance
48%
113,092 Los Angeles Downey
47%
122,105 Solano Vallejo
47%
103,894 San Diego El Cajon
46%
174,226 Orange Garden Grove
46%
128,995 Ventura Thousand Oaks
46%
140,392 Orange Fullerton
45%
160,500 Alameda Hayward
45%
115,330 San Diego Carlsbad
44%
89,793 Riverside Indio
44%
106,028 Riverside Jurupa Valley
44%
68,229 Orange Yorba Linda
44%
17,550 Imperial Imperial
43%
114,327 Riverside Temecula
43%
76,999 San Bernardino Upland
43%
160,316 Los Angeles Lancaster
42%
152,939 Los Angeles Pomona
42%
107,598 Los Angeles West Covina
42%
66,860 Sutter Yuba City
42%
113,825 Orange Costa Mesa
41%
129,783 Contra Costa Concord
39%
106,084 Los Angeles Norwalk
39%
113,326 Riverside Murrieta
38%
86,160 Orange Newport Beach
38%
110,040 Contra Costa Richmond
38%
75,343 Alameda Union City
38%
135,239 Placer Roseville
37%
116,266 Solano Fairfield
36%
103,562 San Bernardino Rialto
36%
116,109 Los Angeles El Monte
35%
101,568 San Diego Vista
35%
86,838 Los Angeles Whittier
33%
68,986 Yolo Davis
32%
96,016 Orange Mission Viejo
30%
91,564 Orange Westminster
29%
85,396 Los Angeles Alhambra
28%
90,889 San Joaquin Tracy
28%
90,295 Alameda Livermore
27%
85,160 Riverside Hemet
26%
4,740 Amador Jackson
26%
94,859 San Bernardino Hesperia
25%
90,595 Riverside Menifee
25%
80,498 Orange Tustin
25%
53,683 San Bernardino Yucaipa
25%
73,077 San Bernardino Apple Valley
24%
87,854 Los Angeles Hawthorne
24%
7,600 Siskiyou Yreka
24%
60,224 Los Angeles Gardena
23%
83,007 Alameda Pleasanton
23%
16,036 Mendocino Ukiah
22%
69,773 Contra Costa Walnut Creek
22%
57,664 Santa Clara Gilroy
21%
55,980 Marin Novato
21%
60.939 Alameda Dublin
20%
27,418 San Diego Imperial Beach
20%
14,055 Monterey King City
20%
83,015 Orange Buena Park
19%
61,363 San Diego National City
19%
14,932 Fresno Kerman
16%
84,293 Orange Lake Forest
16%
77,772 Los Angeles Bellflower
15%
52,445 Los Angeles Glendora
15%
21,748 San Bernardino Yucca Valley
15%
77,879 Riverside Perris
14%
60,012 Yolo Woodland
14%
56,665 Los Angeles Diamond Bar
13%
63,211 San Diego Eastvale
9%
12,002 Fresno Kingsburg
9%
No matching quizzes found
Score Distribution
Percent of People with Each Score
Percentile by Number Answered
Your Score History
You have not taken this quiz since the last reset